[Event "Rated Blitz game"]
[Site "?"]
[Date "2021.05.25"]
[Round "?"]
[White "Fer1"]
[Black "blastol"]
[Result "1-0"]
[WhiteElo "2366"]
[BlackElo "2404"]
[PlyCount "107"]
[EventDate "2021.??.??"]
[EventType "blitz"]

1. e4 e5 2. Nf3 d5 3. Nxe5 Bd6 4. d4 dxe4 5. Nc3 Nf6 6. Bg5 O-O 7. Bc4 Bf5 8.
Qe2 Nc6 9. O-O-O Qe7 10. Nxc6 bxc6 11. Kb1 Rab8 12. Bb3 Rfd8 13. h3 Bb4 14. Na4
Rb5 15. g4 Bg6 16. h4 h6 17. Be3 Nd5 18. c4 Nxe3 19. fxe3 Rbb8 20. g5 h5 21. c5
Rb5 22. Rhf1 Qd7 23. Rf4 Rf8 24. Rdf1 Rbb8 25. Qc4 Bd2 26. Qe2 Ba5 27. Bc4 Rb4
28. b3 Kh8 29. Bxf7 Bxf7 30. Rxf7 Rxf7 31. Qxh5+ Kg8 32. Rxf7 Qxf7 33. Qxf7+
Kxf7 34. Kc2 Kg6 35. Nc3 Rb8 36. Nxe4 Re8 37. Kd3 Kh5 38. a3 Kxh4 39. b4 Bb6
40. g6 Bxc5 41. bxc5 Kh5 42. Nc3 Kxg6 43. e4 Kf6 44. d5 g5 45. Kd4 g4 46. Ne2
Rg8 47. Ng3 Kg5 48. e5 Kf4 49. Nh5+ Kf3 50. d6 cxd6 51. cxd6 Rh8 52. Nf6 g3 53.
Ne4 g2 54. Nd2+ {Time forfeit} 1-0

[Event "Rated Blitz game"]
[Site "?"]
[Date "2021.05.25"]
[Round "?"]
[White "Capitan-FE"]
[Black "blastol"]
[Result "1-0"]
[WhiteElo "2369"]
[BlackElo "2416"]
[PlyCount "64"]
[EventDate "2021.??.??"]
[EventType "blitz"]

1. e4 e5 2. Nf3 d5 3. Nxe5 Bd6 4. Nxf7 Kxf7 5. Qh5+ Kf8 6. Qxd5 Nf6 7. Qc4 Qe7
8. d3 Nc6 9. Be2 Be6 10. Qa4 Bc5 11. c3 Rd8 12. O-O Bg4 13. Qd1 Bc8 14. b4 Bb6
15. Nd2 Ne5 16. d4 Neg4 17. e5 Nxe5 18. dxe5 Qxe5 19. Nc4 Rxd1 20. Nxe5 Rxf1+
21. Kxf1 Ne4 22. Be3 Bxe3 23. fxe3 Nxc3 24. Rc1 Nxe2 25. Rxc7 Ng3+ 26. hxg3 Be6
27. Rxb7 g6 28. Rxa7 Rg8 29. a4 Bd5 30. b5 Ke8 31. b6 Kd8 32. Rd7+ Kc8 {Normal}
1-0

[Event "Rated Blitz game"]
[Site "?"]
[Date "2021.05.24"]
[Round "?"]
[White "divergent_twin"]
[Black "KinzyabulatovRenat"]
[Result "0-1"]
[WhiteElo "2495"]
[BlackElo "2430"]
[PlyCount "86"]
[EventDate "2021.??.??"]
[EventType "blitz"]

1. e4 e5 2. Nf3 d5 3. Nxe5 Bd6 4. d4 dxe4 5. Bc4 Bxe5 6. Qh5 Qe7 7. Qxe5 Qxe5
8. dxe5 Nc6 9. Nc3 Nxe5 10. Bb3 Bd7 11. Bf4 Ng6 12. Bxc7 Bc6 13. O-O-O N8e7 14.
h4 h5 15. Rhe1 f5 16. g3 Rc8 17. Ba5 Ne5 18. Re2 Nf3 19. Bb4 Rd8 20. Rxd8+ Kxd8
21. Bxe7+ Kxe7 22. Nd5+ Bxd5 23. Bxd5 b6 24. c3 Kd6 25. Bb3 Ke5 26. Bd1 Rd8 27.
Re3 f4 28. gxf4+ Kxf4 29. Bxf3 exf3 30. Re7 g5 31. Rf7+ Kg4 32. hxg5 Rd5 33. g6
Rg5 34. g7 h4 35. Kd2 h3 36. Rf8 Rxg7 37. Rh8 Rg5 38. Ke3 Re5+ 39. Kd3 Rh5 40.
Rg8+ Kh4 41. Rg1 h2 42. Rh1 Kh3 43. Ke3 Kg2 {Normal} 0-1

[Event "Rated Blitz game"]
[Site "?"]
[Date "2021.05.24"]
[Round "?"]
[White "micfel"]
[Black "karinachess11"]
[Result "0-1"]
[WhiteElo "2409"]
[BlackElo "2475"]
[PlyCount "54"]
[EventDate "2021.??.??"]
[EventType "blitz"]

1. e4 e5 2. Nf3 d5 3. Nxe5 Bd6 4. d4 dxe4 5. Be2 Bxe5 6. dxe5 Qxd1+ 7. Bxd1 Nc6
8. Nc3 Bf5 9. Bf4 Nge7 10. g4 Be6 11. Nxe4 Ng6 12. Bg3 Ngxe5 13. f3 O-O 14. O-O
Rad8 15. Nc5 Bc8 16. a3 b6 17. Nb3 Ba6 18. Re1 Rfe8 19. f4 Nc4 20. Rxe8+ Rxe8
21. Bf3 Nd8 22. Rb1 Ne6 23. h4 c5 24. f5 Nd4 25. Nxd4 cxd4 26. Kf2 Nd2 27. Bf4
Nxb1 {Normal} 0-1

[Event "Rated Blitz game"]
[Site "?"]
[Date "2021.05.24"]
[Round "?"]
[White "Scheffau"]
[Black "blastol"]
[Result "0-1"]
[WhiteElo "2243"]
[BlackElo "2421"]
[PlyCount "30"]
[EventDate "2021.??.??"]
[EventType "blitz"]

1. e4 e5 2. Nf3 d5 3. exd5 Bd6 4. d3 f5 5. Be2 Nf6 6. Nc3 O-O 7. O-O c6 8. dxc6
Nxc6 9. h3 Qe8 10. Be3 f4 11. Bd2 Qg6 12. Kh2 Nd4 13. Nxd4 exd4 14. Nb5 f3+ 15.
Nxd6 Qxg2# {Normal} 0-1

[Event "Rated Blitz game"]
[Site "?"]
[Date "2021.05.24"]
[Round "?"]
[White "Wea_pawn"]
[Black "KamranShirazi"]
[Result "1-0"]
[WhiteElo "2580"]
[BlackElo "2562"]
[PlyCount "93"]
[EventDate "2021.??.??"]
[EventType "blitz"]

1. e4 e5 2. Nf3 d5 3. d4 dxe4 4. Nxe5 Nd7 5. Nc4 Ngf6 6. Nc3 Bb4 7. Bd2 O-O 8.
a3 Bxc3 9. Bxc3 Nd5 10. Bd2 f5 11. Ne3 N7b6 12. Nxd5 Nxd5 13. Bc4 f4 14. Qe2 c6
15. O-O-O f3 16. Qxe4 Bf5 17. Qe5 fxg2 18. Rhg1 Bh3 19. Qg3 Qd7 20. Rde1 Rf7
21. Re5 b5 22. Bd3 Raf8 23. Rh5 Bf5 24. Bxf5 Rxf5 25. Rxf5 Qxf5 26. Rxg2 g6 27.
h4 Nf6 28. Be3 Qd5 29. Rg1 Qa2 30. Qg2 Rc8 31. b3 Qxa3+ 32. Kd1 Qd6 33. h5 Nxh5
34. Qg4 Re8 35. Qxh5 Qa3 36. Rxg6+ hxg6 37. Qxg6+ Kf8 38. Qf6+ Kg8 39. Qg6+ Kf8
40. Bh6+ Ke7 41. Bg5+ Kd7 42. Qf7+ Re7 43. Qxe7+ Qxe7 44. Bxe7 Kxe7 45. Kd2 Kd6
46. Kc3 a5 47. Kd3 {Time forfeit} 1-0

[Event "Rated Blitz game"]
[Site "?"]
[Date "2021.05.24"]
[Round "?"]
[White "matador1104"]
[Black "TheMonsterNotTheNM"]
[Result "1/2-1/2"]
[WhiteElo "2474"]
[BlackElo "2441"]
[PlyCount "121"]
[EventDate "2021.??.??"]
[EventType "blitz"]

1. e4 e5 2. Nf3 d5 3. exd5 e4 4. Ng1 Nf6 5. c4 c6 6. Nc3 Bc5 7. d4 exd3 8. Qxd3
O-O 9. Be3 Bxe3 10. fxe3 Bg4 11. Nf3 cxd5 12. cxd5 Qb6 13. O-O-O Nbd7 14. h3
Bh5 15. Qd4 Nc5 16. e4 Bg6 17. Bd3 Rac8 18. Bc2 Ncxe4 19. Qxb6 axb6 20. Bxe4
Nxe4 21. Nd4 Rfd8 22. Ndb5 Nf2 23. Rhf1 Nxd1 24. Rxd1 Rc5 25. d6 Bf5 26. b4 Rc4
27. a3 Bd7 28. Kb2 Bc6 29. g3 h5 30. Kb3 Bxb5 31. Nxb5 Re4 32. Nc3 Re3 33. Kb2
Rxg3 34. Na4 Rg6 35. d7 Re6 36. b5 g5 37. Kb3 f5 38. Rd5 Rf6 39. Nc3 Rf7 40.
Na4 Rdxd7 41. Nxb6 Rxd5 42. Nxd5 f4 43. Ne3 f3 44. Nf1 g4 45. hxg4 hxg4 46. Kc2
Kg7 47. Kd3 Kg6 48. Ke3 Kg5 49. Kf2 Re7 50. Ng3 Re2+ 51. Nxe2 fxe2 52. Kxe2 Kf5
53. a4 Ke5 54. a5 Kd5 55. a6 bxa6 56. bxa6 Kc6 57. a7 Kb7 58. a8=Q+ Kxa8 59.
Kf2 Kb7 60. Kg3 Kc6 61. Kxg4 {Normal} 1/2-1/2

[Event "Rated Blitz game"]
[Site "?"]
[Date "2021.05.24"]
[Round "?"]
[White "Raswi"]
[Black "Razario90"]
[Result "0-1"]
[WhiteElo "2395"]
[BlackElo "2401"]
[PlyCount "74"]
[EventDate "2021.??.??"]
[EventType "blitz"]

1. e4 e5 2. Nf3 d5 3. exd5 e4 4. Qe2 Nf6 5. d3 Qxd5 6. dxe4 Qxe4 7. Nc3 Bb4 8.
Bd2 Qxe2+ 9. Bxe2 c6 10. a3 Ba5 11. O-O-O O-O 12. h3 Bf5 13. g4 Bg6 14. Ne5
Nbd7 15. Nxg6 hxg6 16. Bc4 Rfe8 17. f4 Rad8 18. Rhe1 Nb6 19. Bb3 Rxe1 20. Rxe1
Nfd5 21. Nxd5 Bxd2+ 22. Kxd2 Nxd5 23. Bxd5 Rxd5+ 24. Kc3 Kf8 25. Re4 Rd1 26.
Rd4 Rh1 27. Rd7 Rxh3+ 28. Kc4 Rf3 29. Rxb7 Rxf4+ 30. Kc5 Rxg4 31. Rxa7 f5 32.
a4 f4 33. Kd4 Rg2 34. Kd3 f3 35. a5 Rxc2 36. Ra8+ Kf7 37. Rh8 Rxb2 {Normal} 0-1

[Event "Rated Blitz game"]
[Site "?"]
[Date "2021.05.24"]
[Round "?"]
[White "Babasss"]
[Black "TheMonsterNotTheNM"]
[Result "1-0"]
[WhiteElo "2463"]
[BlackElo "2439"]
[PlyCount "105"]
[EventDate "2021.??.??"]
[EventType "blitz"]

1. e4 e5 2. Nf3 d5 3. exd5 e4 4. Ne5 Bd6 5. d4 Nf6 6. c4 c6 7. Nc3 O-O 8. Bg5
Bf5 9. Be2 h6 10. Bh4 cxd5 11. Nxd5 Qa5+ 12. Nc3 Bxe5 13. dxe5 Qxe5 14. O-O Nc6
15. Bg3 Qe6 16. Qb3 Na5 17. Qa4 b6 18. Rfd1 Rac8 19. Nd5 Nd7 20. b4 Nxc4 21.
Bxc4 Rxc4 22. Ne3 Rc3 23. Nxf5 Nf6 24. Ne3 Rd3 25. Qxa7 Rfd8 26. Re1 Nh5 27.
Bc7 R8d7 28. Qxb6 Qe8 29. Bg3 g6 30. Qc6 f5 31. Bc7 Qf7 32. Nc4 Rxc7 33. Qa8+
Kg7 34. Ne5 Qe7 35. Nxd3 Rd7 36. Nc5 Rd8 37. Qb7 Qf7 38. Qxf7+ Kxf7 39. a4 Kf6
40. a5 Rc8 41. a6 f4 42. a7 e3 43. a8=Q Rxa8 44. Rxa8 exf2+ 45. Kxf2 g5 46.
Ne4+ Kf5 47. g4+ Kxg4 48. Rf8 Kh4 49. Nf6 g4 50. Nxh5 g3+ 51. Kf3 Kxh5 52. hxg3
fxg3 53. Kxg3 {Time forfeit} 1-0

[Event "Rated Blitz game"]
[Site "?"]
[Date "2021.05.24"]
[Round "?"]
[White "BLC2316"]
[Black "TheMonsterNotTheNM"]
[Result "0-1"]
[WhiteElo "2475"]
[BlackElo "2434"]
[PlyCount "122"]
[EventDate "2021.??.??"]
[EventType "blitz"]

1. e4 e5 2. Nf3 d5 3. exd5 e4 4. Qe2 Nf6 5. Nc3 Be7 6. Nxe4 O-O 7. d3 Nxd5 8.
Bd2 f5 9. Nc3 Bf6 10. O-O-O Re8 11. Qxe8+ Qxe8 12. Nxd5 Bxb2+ 13. Kxb2 Qb5+ 14.
Nb4 a5 15. d4 Qb6 16. Bc4+ Kh8 17. Rde1 Bd7 18. Re7 axb4 19. Rhe1 h6 20. Rf7
Bb5 21. Rf8+ Kh7 22. Bg8+ Kg6 23. Re6+ Qxe6 24. Bxe6 Kh7 25. Bxf5+ g6 26. Rf7+
Kg8 27. Bxg6 Be8 28. Rf6 Kg7 29. Bxe8 Kxf6 30. Bb5 c6 31. Bd3 h5 32. Bg5+ Kf7
33. h4 Na6 34. Ne5+ Ke6 35. f4 Nc7 36. Bc4+ Nd5 37. Nf7 Kxf7 38. f5 b5 39.
Bxd5+ cxd5 40. Kb3 Ra4 41. f6 Ke6 42. g3 Kf7 43. Bf4 Kxf6 44. Bd6 Kf5 45. Bxb4
Ra8 46. a3 Rc8 47. Bc5 Rg8 48. Kb4 Rxg3 49. Kxb5 Rc3 50. a4 Rxc2 51. a5 Ra2 52.
a6 Kg4 53. Kb6 Kxh4 54. a7 Kg4 55. Kb7 h4 56. Bb6 h3 57. a8=Q Rxa8 58. Kxa8 h2
59. Bc7 h1=Q 60. Kb7 Qe4 61. Kc6 Kf3 {Time forfeit} 0-1

[Event "Rated Blitz game"]
[Site "?"]
[Date "2021.05.24"]
[Round "?"]
[White "DanOF"]
[Black "ieks"]
[Result "0-1"]
[WhiteElo "2422"]
[BlackElo "2427"]
[PlyCount "59"]
[EventDate "2021.??.??"]
[EventType "blitz"]

1. e4 e5 2. Nf3 d5 3. d4 dxe4 4. Nxe5 Bd6 5. Nc4 Nf6 6. Nxd6+ Qxd6 7. Be2 Nc6
8. Be3 Nd5 9. O-O O-O 10. c4 Nf4 11. Nc3 f5 12. c5 Nxe2+ 13. Qxe2 Qg6 14. Bf4
Rf7 15. Rad1 Nd8 16. d5 c6 17. d6 Bd7 18. f3 Ne6 19. fxe4 Nxc5 20. e5 Ne4 21.
Nxe4 fxe4 22. Bg3 Bg4 23. Qc4 Bxd1 24. e6 Rxf1+ 25. Kxf1 Bg4 26. e7+ Be6 27. d7
Bxc4+ 28. Kg1 Qe8 29. dxe8=Q+ Rxe8 30. Bd6 {Normal} 0-1

[Event "Rated Blitz tournament Ywn5nRW4"]
[Site "?"]
[Date "2021.05.24"]
[Round "?"]
[White "VadimCernov"]
[Black "Madjrs72"]
[Result "1-0"]
[WhiteElo "2623"]
[BlackElo "2369"]
[PlyCount "83"]
[EventDate "2021.??.??"]
[EventType "blitz"]

1. e4 e5 2. Nf3 d5 3. Nxe5 Bd6 4. d4 dxe4 5. Bc4 Bxe5 6. Qh5 Qe7 7. Qxe5 Qxe5
8. dxe5 Nc6 9. Nc3 Nxe5 10. Bb3 Nf6 11. Bf4 Ng6 12. Bxc7 Bg4 13. O-O Rc8 14.
Ba4+ Bd7 15. Bxd7+ Kxd7 16. Bg3 Rhe8 17. Rad1+ Kc6 18. Rd6+ Kc5 19. Rfd1 Re6
20. Rxe6 fxe6 21. Kf1 h5 22. Ke2 h4 23. Bd6+ Kc6 24. Ba3 a5 25. Rd6+ Kc7 26.
Rxe6 b5 27. Nxb5+ Kd7 28. Rd6+ Ke8 29. Rxf6 gxf6 30. Nd6+ Kd7 31. Nxc8 Kxc8 32.
Ke3 f5 33. f4 Kd7 34. c4 Kc6 35. b3 Nh8 36. Be7 Ng6 37. Bf6 Kc5 38. Bc3 a4 39.
g3 hxg3 40. hxg3 axb3 41. axb3 Nh8 42. Bxh8 {Normal} 1-0

[Event "Rated Blitz game"]
[Site "?"]
[Date "2021.05.24"]
[Round "?"]
[White "Dr_Miro_aliraqi"]
[Black "blastol"]
[Result "1-0"]
[WhiteElo "2335"]
[BlackElo "2412"]
[PlyCount "57"]
[EventDate "2021.??.??"]
[EventType "blitz"]

1. e4 e5 2. Nf3 d5 3. d4 dxe4 4. Nxe5 Bd6 5. Bc4 Bxe5 6. Qh5 Qe7 7. Qxe5 Qxe5
8. dxe5 Nc6 9. Nc3 Nxe5 10. Bb3 Nf6 11. O-O O-O 12. Re1 Bf5 13. Bg5 Ned7 14.
Rad1 Rfe8 15. Nd5 Nxd5 16. Bxd5 Nc5 17. b4 Ne6 18. Bc1 Rad8 19. Bxb7 Nd4 20. c3
Nc2 21. Rf1 Rd3 22. Rd2 Rxc3 23. Bb2 Rc4 24. Bd5 e3 25. fxe3 Nxe3 26. Re1 Rxb4
27. Rde2 Rxb2 28. Rxb2 Kf8 29. Rbe2 {Normal} 1-0

[Event "Rated Blitz game"]
[Site "?"]
[Date "2021.05.24"]
[Round "?"]
[White "Culapio"]
[Black "CristianS27"]
[Result "1-0"]
[WhiteElo "2444"]
[BlackElo "2476"]
[PlyCount "37"]
[EventDate "2021.??.??"]
[EventType "blitz"]

1. e4 e5 2. Nf3 d5 3. d4 dxe4 4. Nxe5 Nd7 5. Bf4 Nxe5 6. Bxe5 Nf6 7. Nc3 Bf5 8.
Bc4 Bd6 9. Qe2 O-O 10. O-O-O Re8 11. h3 c6 12. g4 Bg6 13. h4 b5 14. h5 bxc4 15.
hxg6 hxg6 16. f4 exf3 17. Qh2 Kf8 18. Bxd6+ Qxd6 19. Qxd6+ {Normal} 1-0

[Event "Rated Blitz game"]
[Site "?"]
[Date "2021.05.24"]
[Round "?"]
[White "molinov"]
[Black "KinzyabulatovRenat"]
[Result "0-1"]
[WhiteElo "2518"]
[BlackElo "2338"]
[PlyCount "64"]
[EventDate "2021.??.??"]
[EventType "blitz"]

1. e4 e5 2. Nf3 d5 3. exd5 e4 4. Ne5 Qxd5 5. d4 exd3 6. Nxd3 Nc6 7. Nc3 Qa5 8.
Be2 Bf5 9. O-O O-O-O 10. Bd2 Nd4 11. a3 Nf6 12. b4 Qb6 13. Na4 Qc6 14. Nac5 b6
15. Na6 Qb5 16. Bc3 Nxe2+ 17. Qxe2 Qxa6 18. Rfd1 Bxd3 19. cxd3 Bd6 20. Qf3 Qb7
21. Qf5+ Kb8 22. a4 Qd5 23. Qh3 h5 24. a5 b5 25. a6 Ng4 26. g3 Rhe8 27. Ra5 c6
28. d4 Re2 29. Be1 Rde8 30. Raa1 Qf3 31. Qg2 Qxg2+ 32. Kxg2 Ne3+ {Normal} 0-1

[Event "Rated Blitz game"]
[Site "?"]
[Date "2021.05.24"]
[Round "?"]
[White "limosity"]
[Black "GoughPhar"]
[Result "1-0"]
[WhiteElo "2346"]
[BlackElo "2412"]
[PlyCount "108"]
[EventDate "2021.??.??"]
[EventType "blitz"]

1. e4 e5 2. Nf3 d5 3. exd5 e4 4. Qe2 Nf6 5. d3 Qxd5 6. Nc3 Bb4 7. Bd2 Bxc3 8.
Bxc3 O-O 9. Bxf6 exf3 10. Qxf3 Qxf3 11. gxf3 Re8+ 12. Kd2 gxf6 13. d4 Nc6 14.
Bb5 Bd7 15. Rhg1+ Kh8 16. c3 Nxd4 17. Bxd7 Nxf3+ 18. Kc2 Re2+ 19. Kb3 Ne5 20.
Bb5 Rxf2 21. Raf1 Rxf1 22. Rxf1 c6 23. Be2 Kg7 24. Rg1+ Ng6 25. h4 Re8 26. Bf3
Re3 27. Bd1 Kh6 28. h5 Ne5 29. Rf1 Kg5 30. Rg1+ Kh6 31. Rf1 Nd7 32. Bg4 Nc5+
33. Kc4 Re4+ 34. Kxc5 Rxg4 35. Rxf6+ Kg7 36. Rf5 h6 37. Kd6 Rg5 38. Rf2 Rxh5
39. Kc7 Rb5 40. b4 h5 41. a4 Rb6 42. Rb2 h4 43. c4 c5 44. b5 h3 45. a5 Rh6 46.
Rh2 b6 47. a6 f5 48. Kb7 Kf6 49. Kxa7 Ke5 50. Kb7 Kd4 51. a7 Rh7+ 52. Kxb6 Rh8
53. Ka6 Kxc4 54. b6 Kb4 {Normal} 1-0

[Event "Rated Blitz game"]
[Site "?"]
[Date "2021.05.24"]
[Round "?"]
[White "Mr_Human"]
[Black "magos33"]
[Result "0-1"]
[WhiteElo "2237"]
[BlackElo "2405"]
[PlyCount "73"]
[EventDate "2021.??.??"]
[EventType "blitz"]

1. e4 e5 2. Nf3 d5 3. exd5 e4 4. Qe2 Nf6 5. d3 Qxd5 6. dxe4 Qxe4 7. Nc3 Bb4 8.
Bd2 Qxe2+ 9. Bxe2 O-O 10. a3 Ba5 11. O-O-O c6 12. Bd3 Bg4 13. h3 Bxf3 14. gxf3
Nbd7 15. Rdg1 Kh8 16. h4 Ne5 17. Be2 Rae8 18. h5 h6 19. f4 Ned7 20. Bd3 Nd5 21.
b4 Bc7 22. Nxd5 cxd5 23. Kb2 Nb6 24. Bc3 Na4+ 25. Kb3 Nxc3 26. Kxc3 Bxf4 27.
Rg4 Be5+ 28. Kb3 Rc8 29. f4 Rc3+ 30. Ka4 Bf6 31. Re1 a6 32. b5 axb5+ 33. Bxb5
Ra8+ 34. Kb4 Rcxa3 35. c4 Bc3+ 36. Kc5 Bxe1 37. Rg2 {Normal} 0-1

[Event "Rated Blitz game"]
[Site "?"]
[Date "2021.05.24"]
[Round "?"]
[White "Das_Beuteltier"]
[Black "IWannaBeatCarlsen"]
[Result "0-1"]
[WhiteElo "2420"]
[BlackElo "2535"]
[PlyCount "110"]
[EventDate "2021.??.??"]
[EventType "blitz"]

1. e4 e5 2. Nf3 d5 3. Nxe5 Qe7 4. d4 f6 5. Ng4 Qxe4+ 6. Qe2 Qxe2+ 7. Bxe2 Bxg4
8. Bxg4 h5 9. Bc8 Nd7 10. Bxb7 Rd8 11. Bxd5 Ne7 12. Bb3 Nf5 13. c3 c5 14. Bc2
g6 15. Bxf5 gxf5 16. Be3 cxd4 17. Bxd4 Bc5 18. Nd2 Bxd4 19. cxd4 Nf8 20. Nf3
Ne6 21. O-O-O Rd5 22. Rhe1 Kf7 23. Re3 Rhd8 24. Ra3 a5 25. Ra4 Rc8+ 26. Kb1 f4
27. b3 Rg8 28. g3 Ng5 29. Nh4 Ne4 30. Kb2 Nxf2 31. Rf1 fxg3 32. hxg3 Ne4 33.
Rf5 Rg5 34. Rxd5 Rxd5 35. Kc2 Nxg3 36. Kd3 Nf5 37. Nxf5 Rxf5 38. Ke4 Kg6 39. d5
Re5+ 40. Kd4 h4 41. Rxa5 Rg5 42. Ra8 h3 43. Rh8 Rh5 44. Rg8+ Kf5 45. Rg1 h2 46.
Rf1+ Kg4 47. Rh1 Kg3 48. d6 Kg2 49. d7 Rh8 50. Rd1 Rd8 51. Kc5 Rxd7 52. Rxd7
h1=Q 53. Rg7+ Kf3 54. a4 f5 55. a5 Qe1 {Normal} 0-1

[Event "Rated Blitz game"]
[Site "?"]
[Date "2021.05.24"]
[Round "?"]
[White "MeekMammoth2"]
[Black "TheMonsterNotTheNM"]
[Result "0-1"]
[WhiteElo "2481"]
[BlackElo "2404"]
[PlyCount "97"]
[EventDate "2021.??.??"]
[EventType "blitz"]

1. e4 e5 2. Nf3 d5 3. Nc3 dxe4 4. Nxe4 f5 5. Nc3 e4 6. Ne5 Bd6 7. d4 Bxe5 8.
dxe5 Qxd1+ 9. Nxd1 Nc6 10. Bb5 Bd7 11. Bxc6 Bxc6 12. b3 Ne7 13. Bb2 O-O-O 14.
Ne3 f4 15. Nc4 e3 16. O-O e2 17. Rfe1 f3 18. e6 b5 19. Ne5 Rd2 20. Nxc6 Nxc6
21. gxf3 Rxc2 22. Rac1 Rxb2 23. Rxc6 Re8 24. a4 bxa4 25. bxa4 Kb7 26. Rc3 Rxe6
27. Re3 Rg6+ 28. Kh1 Ra2 29. R3xe2 Rxa4 30. Rb2+ Rb6 31. Rxb6+ axb6 32. Re7 b5
33. Rxg7 b4 34. Rg4 c5 35. Re4 Ra1+ 36. Kg2 b3 37. Re7+ Kc6 38. Re6+ Kb5 39.
Re7 Kc4 40. Rb7 Kc3 41. f4 b2 42. f5 b1=Q 43. Rxb1 Rxb1 44. Kf3 Kd4 45. Kf4 c4
46. Kg5 c3 47. f6 c2 48. f7 c1=Q+ 49. Kh5 {Normal} 0-1

[Event "Rated Blitz game"]
[Site "?"]
[Date "2021.05.24"]
[Round "?"]
[White "Udemzo"]
[Black "annaly1979"]
[Result "1-0"]
[WhiteElo "2485"]
[BlackElo "2439"]
[PlyCount "95"]
[EventDate "2021.??.??"]
[EventType "blitz"]

1. e4 e5 2. Nf3 d5 3. exd5 e4 4. Qe2 f5 5. d3 Nf6 6. dxe4 fxe4 7. Nbd2 Be7 8.
Ng5 Bf5 9. Ne6 Bxe6 10. dxe6 O-O 11. Nxe4 Nc6 12. c3 Qd5 13. Nxf6+ Rxf6 14. Be3
Ne5 15. Rd1 Qxe6 16. Qb5 Rb8 17. Be2 c6 18. Qb3 Qxb3 19. axb3 a6 20. O-O Ng6
21. Ba7 Ra8 22. Bc4+ Kf8 23. Bb6 Rd6 24. Rxd6 Bxd6 25. Rd1 Ke7 26. Be3 h6 27.
g3 b5 28. Be2 Rf8 29. f4 Rd8 30. Bh5 Nf8 31. Kf2 Ne6 32. b4 Nc7 33. Bf3 Ne8 34.
Bxc6 Nf6 35. Bf3 h5 36. h3 Kd7 37. Ra1 h4 38. g4 Re8 39. Rxa6 Ne4+ 40. Bxe4
Rxe4 41. Kf3 Re6 42. Ra7+ Kc6 43. f5 Re7 44. Rxe7 Bxe7 45. Ke4 Bf6 46. g5 Be7
47. g6 Bf6 48. Bd4 {Time forfeit} 1-0

[Event "Rated Blitz game"]
[Site "?"]
[Date "2021.05.24"]
[Round "?"]
[White "doreality1991"]
[Black "Fantastic_power06"]
[Result "0-1"]
[WhiteElo "2644"]
[BlackElo "2679"]
[PlyCount "36"]
[EventDate "2021.??.??"]
[EventType "blitz"]

1. e4 e5 2. Nf3 d5 3. Nxe5 Bd6 4. d4 dxe4 5. Nc4 Nc6 6. Nc3 Bf5 7. Qh5 Bg6 8.
Qb5 Nge7 9. d5 a6 10. Qxb7 Rb8 11. dxc6 Rxb7 12. cxb7 O-O 13. Be3 Qb8 14. Nxd6
cxd6 15. Bxa6 Qc7 16. Ba7 Nc6 17. Be3 Nb4 18. O-O Nxa6 {Normal} 0-1

[Event "Rated Blitz game"]
[Site "?"]
[Date "2021.05.24"]
[Round "?"]
[White "Suffkopf97"]
[Black "annaly1979"]
[Result "0-1"]
[WhiteElo "2472"]
[BlackElo "2437"]
[PlyCount "54"]
[EventDate "2021.??.??"]
[EventType "blitz"]

1. e4 e5 2. Nf3 d5 3. exd5 e4 4. Qe2 f5 5. c4 Nf6 6. Nd4 c5 7. Nb5 a6 8. N5c3
Bd6 9. d3 O-O 10. dxe4 Nxe4 11. Nxe4 fxe4 12. Nc3 Bf5 13. Be3 Nd7 14. h3 Rb8
15. g4 Bg6 16. O-O-O Ne5 17. Kb1 Nd3 18. Qd2 b5 19. Bxd3 exd3 20. f4 bxc4 21.
f5 Bf7 22. Bf4 Qc7 23. Bxd6 Qxd6 24. Rhe1 Bxd5 25. Nxd5 Qxd5 26. Re7 Qd4 27.
Qg5 Qxb2# {Normal} 0-1

[Event "Rated Blitz game"]
[Site "?"]
[Date "2021.05.24"]
[Round "?"]
[White "BLC2316"]
[Black "TheMonsterNotTheNM"]
[Result "1-0"]
[WhiteElo "2464"]
[BlackElo "2448"]
[PlyCount "105"]
[EventDate "2021.??.??"]
[EventType "blitz"]

1. e4 e5 2. Nf3 d5 3. exd5 e4 4. Qe2 Nf6 5. d3 Be7 6. dxe4 O-O 7. Nc3 c6 8.
dxc6 Nxc6 9. Bd2 Bb4 10. O-O-O Be6 11. a3 Qa5 12. Nb1 Bxd2+ 13. Nbxd2 a6 14.
Nc4 Qc7 15. e5 Nd5 16. Qe4 b5 17. Ng5 g6 18. Qh4 h5 19. Nxe6 fxe6 20. Ne3 Nxe3
21. fxe3 Qxe5 22. Bd3 Kg7 23. Be4 Rac8 24. Rd7+ Kh6 25. Bxg6 Kxg6 26. g4 Rc7
27. gxh5+ Kh6 28. Rxc7 Qxc7 29. Rg1 Qe5 30. Qg4 Qf6 31. Kb1 Ne7 32. h4 Rf7 33.
Qe4 Qf5 34. Rg6+ Kxh5 35. Rg5+ Qxg5 36. hxg5 Kxg5 37. Qxe6 Rg7 38. Ka2 Nf5 39.
e4 Nh6 40. e5 Rg6 41. Qe7+ Kf5 42. c3 Re6 43. Qf8+ Kxe5 44. Qg7+ Kd5 45. Qd7+
Ke5 46. Qc7+ Kf5 47. a4 bxa4 48. Qc5+ Re5 49. Qb4 Ng4 50. Qxa4 Re6 51. Qd4 Ne5
52. Qf2+ Kg6 53. c4 {Time forfeit} 1-0

[Event "Rated Blitz game"]
[Site "?"]
[Date "2021.05.24"]
[Round "?"]
[White "Elgranconejo"]
[Black "TheMonsterNotTheNM"]
[Result "0-1"]
[WhiteElo "2443"]
[BlackElo "2428"]
[PlyCount "104"]
[EventDate "2021.??.??"]
[EventType "blitz"]

1. e4 e5 2. Nf3 d5 3. exd5 e4 4. Qe2 Nf6 5. Nc3 Be7 6. Nxe4 O-O 7. Nxf6+ Bxf6
8. Qd1 Qxd5 9. Be2 Nc6 10. O-O Bg4 11. h3 Bh5 12. c3 Rfe8 13. d4 Ne7 14. Bf4 c5
15. dxc5 Qxc5 16. Re1 Nd5 17. Bg3 Rad8 18. Qb3 Bg6 19. Bc4 Nb6 20. Bb5 Re4 21.
a4 a6 22. Bf1 Rde8 23. Rxe4 Rxe4 24. a5 Nd5 25. Qxb7 h5 26. Qxa6 h4 27. Bb8 Bh5
28. Qb5 Qc8 29. Qxd5 Bxf3 30. gxf3 Re6 31. a6 Qxb8 32. a7 Qxb2 33. a8=Q+ Kh7
34. Qe4+ g6 35. Qxe6 fxe6 36. Ra7+ Bg7 37. Qf8 Qxc3 38. Qf7 Qe5 39. Bd3 Qg5+
40. Kh1 Qh6 41. Qxg7+ Qxg7 42. Rxg7+ Kxg7 43. f4 Kf6 44. Kg2 g5 45. fxg5+ Kxg5
46. Kf3 Kf6 47. Be4 Ke5 48. Bd3 Kd4 49. Kg4 e5 50. Kxh4 Kxd3 51. Kg5 e4 52. Kf5
Kd4 {Time forfeit} 0-1

[Event "Rated Blitz game"]
[Site "?"]
[Date "2021.05.24"]
[Round "?"]
[White "sultan_kz"]
[Black "Tristan2020"]
[Result "1-0"]
[WhiteElo "2474"]
[BlackElo "2303"]
[PlyCount "49"]
[EventDate "2021.??.??"]
[EventType "blitz"]

1. e4 e5 2. Nf3 d5 3. Nxe5 Bd6 4. d4 dxe4 5. Nc4 Nf6 6. Nc3 O-O 7. h3 Nc6 8.
Ne3 h6 9. Bc4 a6 10. Bb3 Na5 11. O-O b5 12. f4 exf3 13. Qxf3 Bb7 14. Qf2 Nxb3
15. axb3 Ne4 16. Nxe4 Bxe4 17. c4 c5 18. d5 Be5 19. Ng4 Bd4 20. Be3 f5 21. Bxd4
cxd4 22. Qxd4 Bxg2 23. Nxh6+ gxh6 24. Kxg2 Ra7 25. Qxa7 {Normal} 1-0

[Event "Rated Blitz game"]
[Site "?"]
[Date "2021.05.24"]
[Round "?"]
[White "Rimbombante"]
[Black "TheMonsterNotTheNM"]
[Result "0-1"]
[WhiteElo "2417"]
[BlackElo "2444"]
[PlyCount "98"]
[EventDate "2021.??.??"]
[EventType "blitz"]

1. e4 e5 2. Nf3 d5 3. d4 dxe4 4. Nxe5 Bd6 5. Nc4 Nf6 6. Bg5 Nc6 7. Nc3 Bf5 8.
Nb5 Be7 9. c3 a6 10. Nba3 b5 11. Ne3 Bg6 12. Nxb5 axb5 13. Bxb5 Qd6 14. Nc4 Qe6
15. Ne5 O-O 16. Bxc6 Rab8 17. b4 Bd6 18. Bxf6 Qxf6 19. Nd7 Qg5 20. O-O Bh5 21.
Qc1 Qh4 22. h3 f5 23. Nxb8 Rxb8 24. Qe3 Bf4 25. Qe1 Qg5 26. g3 Bf3 27. Kh2 Bd6
28. a4 f4 29. Rg1 fxg3+ 30. Rxg3 h5 31. Bxe4 Bxe4 32. Qxe4 h4 33. Qe6+ Kh8 34.
Qxd6 hxg3+ 35. Qxg3 Qe7 36. a5 Rf8 37. a6 Qe2 38. Kg1 Qb2 39. Ra5 Qb1+ 40. Kg2
Qe4+ 41. Kh2 Qe2 42. Kg1 Qe1+ 43. Kg2 Qe8 44. a7 Qa8+ 45. Kh2 Kg8 46. Qh4 Rf7
47. Qg3 Qf8 48. Kg1 Qa8 49. Qf4 Rxf4 {Time forfeit} 0-1